BUBT Library Online Catalog

বাংলা বানান সংস্কার : সমস্যা ও সম্ভাবনা / (Record no. 7117)

000 -LEADER
fixed length control field 00895nam a22002297a 4500
003 - CONTROL NUMBER IDENTIFIER
control field BUBTL
008 - FIXED-LENGTH DATA ELEMENTS--GENERAL INFORMATION
fixed length control field 231017b ||||| |||| 00| 0 eng d
020 ## - INTERNATIONAL STANDARD BOOK NUMBER
International Standard Book Number 9848229663
041 ## - LANGUAGE CODE
Language code of text/sound track or separate title ben
082 ## - DEWEY DECIMAL CLASSIFICATION NUMBER
Classification number 491.44/ Sa738b/ 2015
100 ## - MAIN ENTRY--PERSONAL NAME
9 (RLIN) 5544
Personal name সরকার, পবিত্র
245 ## - TITLE STATEMENT
Title বাংলা বানান সংস্কার : সমস্যা ও সম্ভাবনা /
Statement of responsibility, etc. পবিত্র সরকার
250 ## - EDITION STATEMENT
Edition statement 2nd ed.
260 ## - PUBLICATION, DISTRIBUTION, ETC. (IMPRINT)
Place of publication, distribution, etc. নিউ এজ পাবলিকেশন্স :
Name of publisher, distributor, etc. ঢাকা,
Date of publication, distribution, etc. c2015
300 ## - PHYSICAL DESCRIPTION
Extent 212 p. :
Dimensions 22 cm.
500 ## - GENERAL NOTE
General note Includes index
505 ## - FORMATTED CONTENTS NOTE
Formatted contents note বাংলা ভাষা, বাংলা বানান সংস্কার, পবিত্র সরকার
650 #0 - SUBJECT ADDED ENTRY--TOPICAL TERM
9 (RLIN) 5139
Topical term or geographic name as entry element বাংলা ভাষা
856 ## - ELECTRONIC LOCATION AND ACCESS
Password 0
Logon 0
Link text Download
942 ## - ADDED ENTRY ELEMENTS (KOHA)
Source of classification or shelving scheme
Koha item type Books
Holdings
Withdrawn status Lost status Source of classification or shelving scheme Damaged status Not for loan Collection code Permanent location Current location Shelving location Date acquired Source of acquisition Inventory number Total Checkouts Full call number Barcode Date last seen Copy number Price effective from Koha item type
        Not For Loan Non-fiction Bangladesh University of Business and Technology Library Bangladesh University of Business and Technology Library Reference 10/17/2023 Purchase 29703   491.44/ Sa738b/ 2015 BUBTL-200329703 10/17/2023 C-1 10/17/2023 Books
        Not For Loan Non-fiction Bangladesh University of Business and Technology Library Bangladesh University of Business and Technology Library Reference 10/17/2023 Purchase 29704   491.44/ Sa738b/ 2015 BUBTL-200329704 10/17/2023 C-2 10/17/2023 Books

More Information About Library

Library Hours

  • Open: 9.00 am. to 9.00 pm.
  • Only Sunday: 9.00 am. to 6.00 pm.
  • Closed: Holiday

Contact to the University

Bangladesh University of Business and Technology Library

  • Mirpurl-2, 1216.
  • Phone:
  • Fax:
  • E-Mail: admin.library@bubt.edu.bd

Contact to the Library

Contact Person:

Md. Abdul Hakim Shah
Joint Librarian
PABX No:  113
Cell No: 01816332931
E-mail: official: admin.library@bubt.edu.bd
Personal: hakim.shah@bubt.edu.bd


BUBT Library

Copyright © 2021